Rekordspieler der Bundesliga - Statistiken

Allgemein
  • Dieses Quiz wurde 86 mal gespielt
  • Das Durchschnittsergebnis liegt bei 4 aus 15
Antwortstatistiken
Spiele Rekordspieler % Korrekt
497 Manuel Neuer
76%
557 Oliver Kahn
68%
602 Charly Körbel
64%
535 Klaus Fischer
39%
581 Manfred Kaltz
32%
552 Klaus Fichtel
25%
546 Mirko Votava
18%
512 Uli Stein
18%
534 Eike Immel
17%
518 Ata Lameck
12%
502 Stefan Reuter
12%
495 Bernard Dietz
7%
490 Claudio Pizzaro
5%
520 Willi Neuberger
5%
493 Ditmar Jakobs
4%
Keine übereinstimmenden Quizze gefunden
Verteilung der Resultate
Anzahl Personen mit jedem Resultat
Perzentil nach korrekt beantworteten Fragen
Ihre Resultats-Entwicklung
Sie haben dieses Quiz noch nicht gespielt